000 00535nam a2200181Ia 4500
005 20250508153517.0
008 008 250505s9999 xx 000 0 eng d
037 _aBooks to be hide in OPAC
040 _aFEDL
_beng
_cFEDL
041 _aeng
_2eng
084 _a741.7, IND/O
_qFEDL
245 0 _aSilhouettes in Indian education
245 0 _cIndia. Education, (Ministry of ...)
260 _aNew Delhi, India
_bMinistry of Education
_c1962
300 _a12p
942 _cHB
_h741.7, IND/O
999 _c1343393
_d1343393